000 00625nam a2200229Ia 4500
003 GCL
008 140319s9999 xx 000 0 eng d
020 _a0521606330
040 _aGCL /
_cGCL
082 0 4 _a571.978
_bM B
100 1 _aMCKINNELL, ROBERT G .
245 1 0 _aTHE BIOLOGICAL BASIS OF CANCER /
_cMCKINNELL, ROBERT G .
700 1 _aPARCHMENT, RALPH E .
700 1 _aPERANTONI, ALAN O .
250 _aSECOND
260 _aانجلترا :
_bCAMBRIDGE UNIVERSITY PRESS ،
_c2006
300 _a25 CM ؛
_c475 P
650 0 4 _aCANCER
650 0 4 _aCANCERAGENESIS
650 0 4 _aCANCER CELLS
942 _2ddc
_cBK
999 _c9397
_d9397